| 000 | 01371nam a2200361 a 4500 | ||
|---|---|---|---|
| 001 | ebr10657556 | ||
| 003 | CaPaEBR | ||
| 006 | m u | ||
| 007 | cr cn||||||||| | ||
| 008 | 120914s2013 inua s 001 0 eng d | ||
| 010 | _z 2012949513 | ||
| 020 | _z9781118362181 (pbk. : alk. paper) | ||
| 020 | _z1118362187 (pbk. : alk. paper) | ||
| 020 | _z9781118568712 (e-book) | ||
| 040 |
_aCaPaEBR _cCaPaEBR |
||
| 035 | _a(OCoLC)841481395 | ||
| 050 | 1 | 4 |
_aQA76.9.A25 _bB37 2013eb |
| 082 | 0 | 4 |
_a005.8 _223 |
| 100 | 1 | _aBarnett, Ryan C. | |
| 245 | 1 | 0 |
_aWeb application defender's cookbook _h[electronic resource] : _bbattling hackers and protecting users / _cRyan C. Barnett. |
| 250 | _a1st ed. | ||
| 260 |
_aIndianapolis, Ind. : _bWiley Pub., Inc., _c2013. |
||
| 300 |
_axxix, 522 p. : _bill. |
||
| 500 | _aIncludes index. | ||
| 533 |
_aElectronic reproduction. _bPalo Alto, Calif. : _cebrary, _d2013. _nAvailable via World Wide Web. _nAccess may be limited to ebrary affiliated libraries. |
||
| 650 | 0 | _aComputer security. | |
| 650 | 0 |
_aComputer crimes _xPrevention. |
|
| 650 | 0 |
_aComputer networks _xSecurity measures. |
|
| 650 | 0 | _aComputer hackers. | |
| 655 | 7 |
_aElectronic books. _2local |
|
| 710 | 2 | _aebrary, Inc. | |
| 856 | 4 | 0 |
_uhttp://site.ebrary.com/lib/rucke/Doc?id=10657556 _zAn electronic book accessible through the World Wide Web; click to view |
| 999 |
_c76954 _d76954 |
||